| 000 | 01085nac a22002411u 4500 | ||
|---|---|---|---|
| 008 | 111220s200 cau|||||r|||| 00| 0 eng d | ||
| 010 | _a 99026729 | ||
| 020 | _a053436893X | ||
| 035 | _a(DLC) 99026729 | ||
| 082 | 0 | 0 |
_a005.133 _bLAM _222 |
| 100 |
_aLambert, Kenneth Alfre _928191 |
||
| 245 | 1 | 0 |
_aIntroduction to computer science with C++ / _cKenneth A. Lambert, Douglas W. Nance, Thomas L. Naps. |
| 250 | _a2nd ed. | ||
| 260 |
_aPacific Grove, CA : _bBrooks/Cole,2000 _cc2000. |
||
| 300 |
_axxiv, 999 p. : _bill. ; _c26 cm. |
||
| 650 | 0 |
_aComputer science. _928192 |
|
| 650 | 0 |
_aC++ (Computer program language) _928193 |
|
| 700 | 1 |
_aNance, Douglas W. _928194 |
|
| 700 | 1 |
_aNaps, Thomas L. _928195 |
|
| 942 |
_cBB _k005.133L2221 _2ddc |
||
| 999 |
_c147 _d147 |
||